000
00225 a2200097 4500
001
49541
100
_a
Burk S.M
245
_a
Pakistan foreign policy
260
_a
Karachi
_b
Oxford university press
_c
090
_c
32069
_d
32069
942
_a
NUST-CAE
_c
M
_c
24524
999
_c
284614
_d
284614